000 02001nam a2200481 c 4500
999 _c81467
_d81467
003 BLK
005 20250724085717.0
008 180408b bul|||||r ||||||| ||bul||
010 _aKNG00085971000
020 _a978-954-528-750-3
020 _a978-954-528-749-7
020 _a978-954-491-345-8
020 _a978-954-491-344-1
040 _aBLK
041 _aBUL
_cBUL
080 _aБългарска литература
_b821.163.2
_x-94
_z821.163.2-94
080 _b949.72.033/.04
_x(0:82-94)
_z949.72.033/.04(0:82-94)
100 1 _aЦанев, Стефан Неделчев
_d1936-
_gПисател, поет, драматург.
_9364639
139 _aЦанев, Стефан Неделчев
_bЦ 16
245 1 0 _aБългарски хроники
_bПоема : Т. 1 -
_cСтефан Неделчев Цанев.
_nТ. 1
_p2137 г. пр. Хр. - 1453 г. сл. Хр.
250 _a2. доп. и попр. изд.
257 _aBGR
260 _c2007 -
_fПловдив : Жанет 45
300 _c22 см
380 _aX
500 _a1. изд. 2006. - Офс. изд.
590 _aф
650 0 _aБългария - история
_9244493
651 4 _aБългария
_9241624
653 _aбългарска история
653 _aСредновековие
653 _aфеодализъм
653 _aпрабългари
760 1 _aЦанев, Стефан Неделчев
_b2. доп. и попр. изд.
_dТруд, Жанет 45, 2007
_h507 с., 22 см
_nКор. загл. Български хроники : История на нашия народ от 2137 г. пр. Хр. до 1453 г. сл. Хр. - Т. 1 вкл. кн. 1 - 2.
_tТ. 1 2137 г. пр. Хр. - 1453 г. сл. Хр.
852 _aЦб 241580
852 _aК 821.163.2/Ц 16 С
856 4 _qpdf
856 4 _qpdf
942 _cKNG
_n0
_040
_s1
944 _aCR
_c20.10.2008
_lЦветомила Тодорова
_k30576
944 _aED
_c06.07.2012
_lф /
999 _d81467